Statistiques concernant Paroles - Marley, Danakil

Cliquez ici pour prendre le quiz!

Statistiques générales

  • Ce quiz a été pris 212 fois
  • Le résultat moyen est 339 sur 494

Statistiques - réponses

Paroles% Correct
à
100%
a
100%
de
100%
des
99%
Des
99%
et
99%
Et
99%
99%
La
99%
la
99%
le
99%
Le
99%
Me
99%
me
99%
que
99%
Que
99%
un
99%
ne
98%
98%
une
98%
Dans
97%
dans
97%
Je
97%
je
97%
les
97%
suis
97%
famille
96%
J'ai
96%
modeste
96%
son
96%
ça
94%
Il
94%
mes
94%
choses
93%
déteste
93%
grandi
93%
même
93%
mon
93%
Mon
93%
sont
93%
champs
92%
guerre
92%
ma
92%
père
92%
pas
91%
pour
90%
peu
89%
capitaine
88%
était
88%
gestes
88%
l'injustice
88%
n'est
88%
répéter
88%
mêmes
87%
car
86%
Mais
86%
mais
86%
misère
86%
se
85%
connu
84%
fait
84%
gagne
84%
gagner
84%
mère
84%
Moi
84%
moi
84%
qui
84%
terre
84%
d'argent
83%
indigeste
83%
mienne
82%
en
81%
En
81%
81%
81%
bien
80%
cette
79%
d'Angleterre
78%
m'est
78%
venait
78%
chez
77%
quelque
76%
Dieu
75%
être
75%
J'embrasse
75%
pars
75%
part
75%
passion
74%
vais
74%
sens
73%
tendrement
73%
Bientôt
72%
guide
72%
quelqu'un
72%
coeur
71%
J'n'ai
71%
mal
71%
C'est
69%
c'est
69%
n'sais
69%
peur
69%
sentiments
69%
tant
68%
tel
66%
frères
65%
soeurs
64%
bousculent
63%
Tellement
63%
vie
63%
beurre
61%
n'ai
60%
ans
58%
est
58%
chanteur
57%
devenir
57%
palpite
57%
prénom
56%
voix
55%
du
54%
écrasant
54%
jouer
54%
personne
54%
teste
54%
Nesta
53%
avant
51%
crains
51%
voudrais
51%
ghetto
49%
joie
49%
j'veux
49%
avec
48%
comme
48%
l'espoir
48%
musique
48%
16
47%
grandit
47%
Elle
46%
elle
46%
Générer
46%
sors
46%
tout
46%
45
45%
peuple
45%
potes
44%
premier
44%
tours
44%
weed
44%
chansons
43%
force
43%
peste
42%
reste
42%
bravoure
41%
messe
41%
si
41%
30
40%
fuis
40%
crois
39%
fou
39%
j'aime
39%
J'aime
39%
l'importance
39%
sans
39%
chemin
38%
disco
38%
football
38%
j'avance
38%
n'aime
38%
pays
38%
soit
38%
textes
38%
balle
37%
déchaînent
37%
balance
36%
cas
36%
détours
36%
f'rais
36%
m'entendra
35%
bosse
34%
travers
33%
nous
32%
Quelques
32%
quelques
32%
s'enchaînent
32%
aux
31%
soulage
31%
star
31%
chiens
30%
depuis
30%
peine
30%
roots
30%
Bob
29%
cage
29%
Enfant
29%
masses
29%
meure
29%
petit
29%
producteurs
29%
qu'est-ce
29%
retourner
29%
style
29%
veste
29%
voilà
29%
détecte
28%
femmes
28%
j'donne
28%
j'suis
28%
mettent
28%
miettes
28%
moi-même
28%
voitures
28%
compte
27%
m'attaque
27%
ramasse
27%
traîne
27%
véreux
27%
belles
26%
d'la
26%
légende
26%
m'aide
26%
m'fait
26%
oublier
26%
travaille
26%
bonne
25%
j'adore
25%
l'ouest
25%
morceaux
25%
qu'j'aille
25%
résonnent
25%
terres
25%
amorcée
24%
frapper
24%
galères
24%
homme
24%
nom
24%
pleine
24%
jamais
23%
percer
23%
boule
22%
échecs
22%
l'influence
22%
m'accompagnent,
22%
maintenant
22%
m'ont
22%
subi
22%
concert
21%
écriture
21%
essuie
21%
foules
21%
juste
21%
l'argent
21%
monde
21%
pure
21%
quand
21%
connaît
20%
d'balles
20%
inspirent
20%
l'album
20%
n'abuse
20%
Sinon
20%
appelez-moi
18%
porte
18%
tournées
18%
chapeaux
17%
gros
17%
humaines
17%
incroyable
17%
paix
17%
douceur
16%
Écritures
16%
inoubliables
16%
marrées
16%
mots
16%
promène
16%
puissant
16%
dates
15%
J'accorde
15%
Partout
15%
passe
14%
chaque
13%
foutez-moi
13%
jour
13%
message
13%
créent
11%
secret
7%

Distribution des résultats

Percentile par nombre de réponses

% des personnes avec chaque résultat

Votre développement - résultats

Vous n’avez pas pris ce quiz